01180cam a22002531 4500001001300000003000400013005001700017008004100034010001700075035001900092040004400111042001200155050003200167082001200199100002400211245005600235260006100291300003900352490016000391500014600551501015900697651002800856710004200884sd 43000018 DLC20260227112734.0821015s1936 cc f100 0 eng c asd 43000018  a(OCoLC)8864974 aU.S. Dept. of state. Libr.cICarbSdDLC apremarc00aDU1b.I5 1936 vol. 4, no. 3 a330.9511 aFang, Hsien-tʻing,10aToward economic control in China,cby H.D. Fong ... a[Shanghai]bChina institute of Pacific relations,c1936. a2 p. l., 91 p.bfold. map.c22 cm.0 aPapers presented at the sixth conference of the Institute of Pacific relations, Yosemite national park, California, August 15 to 29, 1936 ...vv. 4 [no. 3] a"Preliminary paper prepared for the sixth conference of the Institute of Pacific relations held at Yosemite, California, August 15-29, 1936." aWith : New monetary system of China / Wei-ying Lin. [Shanghai] China institute of Pacific relations, 1936. Bound together subsequent to publication.5DLC 0aChinaxEconomic policy.2 aChina Institute of Pacific Relations.